ا پنا ہی گر يبا ن بھو ل گۓ:نا و ل (Record no. 87354)

MARC details
000 -LEADER
fixed length control field 01363nam a22002897a 4500
005 - DATE AND TIME OF LATEST TRANSACTION
control field 20170410151034.0
008 - FIXED-LENGTH DATA ELEMENTS--GENERAL INFORMATION
fixed length control field 140714b xxu||||| |||| 00| 0 Urdu d
010 ## - LCCN (DPL NO)
LC control number UR-8562 B-548002-005 B-665896
020 ## - INTERNATIONAL STANDARD BOOK NUMBER
International Standard Book Number 9789350733004
Terms of availability 250.00
035 ## - SYSTEM CONTROL NUMBER
System control number U-7117 B-548002-005 B-665896
037 ## - SOURCE OF ACQUISITION
Source of stock number/acquisition BPPD/Pub/Ven
037 ## - SOURCE OF ACQUISITION
Source of stock number/acquisition DBAD/Pub.
037 ## - SOURCE OF ACQUISITION
Source of stock number/acquisition Pansy Books(Vend.)/Edu. pub. House(Pub.)
040 ## - CATALOGING SOURCE
Original cataloging agency DPL
Language of cataloging Urdu
082 ## - DEWEY DECIMAL CLASSIFICATION NUMBER
Classification number ن
100 ## - MAIN ENTRY--PERSONAL NAME
Personal name فر يد ی، شا ہد
245 ## - TITLE STATEMENT
Title ا پنا ہی گر يبا ن بھو ل گۓ:نا و ل
Statement of responsibility, etc فر يد ی، شا ہد
246 ## - VARYING FORM OF TITLE
Title proper/short title Apna hi Gireban Bhool gaye(Novel)
Remainder of title byShahid Faridi
260 ## - PUBLICATION, DISTRIBUTION, ETC. (IMPRINT)
Place of publication, distribution, etc د ھلی
Name of publisher, distributor, etc ا يجو کيشنل پبليشنگ ہا ؤس
Date of publication, distribution, etc 2014
260 ## - PUBLICATION, DISTRIBUTION, ETC. (IMPRINT)
Name of publisher, distributor, etc Pansy Books(Vender)
270 ## - ADDRESS
Address 3108،و کيل اسٹر يٹ ،کو چہ پنڈ ت ،لال کنو ا ن
City د ھلی
Postal code 110006
Telephone number 23216162،23214465
270 ## - ADDRESS
Address R2,/66/A Somesh Vihar,Chhawala
City New Delhi
Postal code 110071
Telephone number 01125317355
300 ## - PHYSICAL DESCRIPTION
Extent 236ص
Dimensions 22Cm (Hb)
942 ## - ADDED ENTRY ELEMENTS (KOHA)
Source of classification or shelving scheme Dewey Decimal Classification
Item type Urdu Bks
Edition
Classification part ن
Call number suffix ف ری
Holdings
Withdrawn status Lost status Source of classification or shelving scheme Damaged status Not for loan Collection code Home library Current library Date acquired Source of acquisition Cost, normal purchase price Total Checkouts Full call number Barcode Date last seen Copy number Cost, replacement price Koha item type Total Renewals
    Dewey Decimal Classification     Fiction Ashok Vihar Ashok Vihar 10/04/2017 BPPD/UR/2014-15/AV/16-17/656/17.217//P/1638/6.3.17/8.3.17 250.00   ن ف ری B-665896 10/04/2017 1 250.00 Urdu Bks  
    Dewey Decimal Classification     Fiction Central Library Central Library 19/11/2014 BPPD/UR/2014-15/125/01-08-2014/1469/14/08/2014/2/09/2014 250.00 1 ن ف ری B-548002 06/01/2018 1 250.00 Urdu Bks  
    Dewey Decimal Classification   Not For Loan Fiction D.B.Act.Division D.B.Act.Division 02/02/2015 DBAD/Pub. 250.00   ن ف ری U-7117 02/02/2015 1 250.00 Urdu Bks  
    Dewey Decimal Classification     Fiction Patel Nagar Patel Nagar 19/11/2014 BPPD/UR/2014-15/125/01-08-2014/1469/14/08/2014/2/09/2014 250.00   ن ف ری B-548003 19/11/2014 1 250.00 Urdu Bks  
    Dewey Decimal Classification     Fiction Sarojini Nagar Sarojini Nagar 19/11/2014 BPPD/UR/2014-15/125/01-08-2014/1469/14/08/2014/2/09/2014 250.00   ن ف ری B-548004 19/11/2014 1 250.00 Urdu Bks  
    Dewey Decimal Classification     Fiction Shahdara Branch Shahdara Branch 19/11/2014 BPPD/UR/2014-15/125/01-08-2014/1469/14/08/2014/2/09/2014 250.00 5 ن ف ری B-548005 28/08/2024 1 250.00 Urdu Bks 2

© Delhi Public Library
Hit Counter
free hit counter